| 000 | 00810cam a2200253 a 4500 | ||
|---|---|---|---|
| 001 | 000018129 | ||
| 005 | 20200929165351.0 | ||
| 008 | 991026s2002 nyu 000 f eng d | ||
| 020 | _a8408043064 | ||
| 040 |
_aDO-SdBNP _bspa _cLC _dBNPHU |
||
| 041 | 1 | 7 |
_aspa _heng _2Código de idioma MARC |
| 082 |
_a813.54 _bB792k |
||
| 100 | 1 |
_aBoyll, Randall. _939283 |
|
| 240 | 1 | 0 |
_aKatastrophe _lEspañol. |
| 245 | 1 | 0 |
_aKatastrophe : _ba novel / _cRandall Boyll ; traducción Josefina Meneses. |
| 260 |
_aBarcelona : _bPlaneta, _c2002. |
||
| 300 |
_aix, 543 p. ; _c25 cm. |
||
| 534 |
_aTítulo original : _tKatastrophe |
||
| 650 | 4 |
_aNovela estadounidense _9262 |
|
| 650 | 4 |
_aLiteratura estadounidense _ySIGLO XX _96874 |
|
| 700 | 1 |
_aMeneses, Josefina, _etr. _939284 |
|
| 910 | _aCatalogación derivada | ||
| 049 | _aBNGR | ||
| 999 |
_c17650 _d17650 |
||